| 000 | 00817nam a22002177a 4500 | ||
|---|---|---|---|
| 001 | 76747 | ||
| 003 | BD-RjUL | ||
| 005 | 20211209082859.0 | ||
| 008 | 200116s2018 bg ||||| |||| 00| 0 ben d | ||
| 020 | _a9789849341833 | ||
| 035 | _a(BD-RjUL) | ||
| 040 |
_aBD-RjUL _beng _cBD-RjUL |
||
| 041 | _aeng | ||
| 082 |
_223 _a954.025 _bSIB 2018 |
||
| 100 |
_aসিদ্দিকী, মাহবুব _9237694 |
||
| 245 |
_aব্রহ্মপুত্র যমুনায় সামরিক অভিযান / _b[পুরাণকাল থেকে ১৯৭১] _cমাহবুব সিদ্দিকী |
||
| 260 |
_aঢাকা : _bদিব্য প্রকাশ, _c২০১৮ |
||
| 300 |
_a২৪০ পৃ. ; _c২২ সেমি. |
||
| 651 |
_aIndia _xMogul Empire _9237703 |
||
| 942 |
_2ddc _cBK |
||
| 999 |
_c76747 _d76747 |
||